000 00721nam a22001935i 4500
001 172805
003 ES-MaACL
005 20250831061535.0
008 090909s1934 sp |||| | spa d
245 0 0 _aRégimen de contingentes
_b: (recopilación de disposiciones legales).
260 _aMadrid :
_b[s.n.],
_c1934 (
_fImpr. del Ministerio de Estado)
300 _a225 p. ;
_c24 cm.
490 1 _aPublicaciones del Ministerio de Estado. Serie G. Comercio exterior Año 1934 ;
_v2
500 _aLa cubierta sirve de portada.
710 1 _aEspaña.
_bMinisterio de Estado.
_93866
830 0 0 _aPublicaciones del Ministerio de Estado
_v2
_9189119
852 _aES-MaACL
_jC-7180 ter
999 _c172805
_d172805